|
|
|
|
| LEADER |
00000nab a2200000 a 4500 |
| 001 |
vtls008886772 |
| 003 |
SK-MaSNL |
| 005 |
20260304140225.0 |
| 008 |
250505c2006 xo |||| |o| 000 b|slo |
| 015 |
|
|
|a SNBRB2006/11
|2 snkbucl
|
| 035 |
|
|
|a urn:nbn:sk:snk-ab7xdp
|
| 035 |
|
|
|a (urnnbn)urn:nbn:sk:snk:ar-004snx
|
| 035 |
|
|
|a (uuid)178ef9e5-69d2-4c38-8555-ebe698bddd0c
|
| 038 |
|
|
|a SNKBUCL
|
| 040 |
|
|
|a SNKBUCL
|b slo
|c SNKBUCL
|e AACR2
|
| 041 |
0 |
|
|a slo
|
| 044 |
|
|
|a xo
|c SK
|
| 080 |
|
|
|a 09
|x (082)
|x (048)
|2 1997
|
| 080 |
|
|
|a 904:09
|x (082)
|x (048)
|2 1997
|
| 100 |
1 |
|
|a Frimmová, Eva,
|d 1950-
|4 aut
|9 212850
|
| 245 |
1 |
0 |
|a Miscellanea oddělení rukopisů a starých tisků
|c E. Frimmová
|
| 630 |
0 |
7 |
|a Miscellanea (zborník)
|y 2003-2004
|x roč. 18
|2 snkbucl
|9 1456355
|
| 650 |
0 |
7 |
|a staré tlače
|2 snkbucl
|9 51683
|
| 650 |
0 |
7 |
|a rukopisy
|2 snkbucl
|9 1788
|
| 655 |
|
7 |
|a recenzie
|2 snkbucl
|9 21907
|
| 773 |
0 |
|
|t Historický časopis
|g Roč. 54, č. 3 (2006), s. 557-558
|x 0018-2575
|
| 787 |
0 |
8 |
|i Rec.:
|t Miscellanea : oddělení rukopisů a starých tisků
|d Praha : Národní knihovna České republiky, 2005
|
| 850 |
|
|
|a Slovenská národná knižnica
|
| 852 |
|
|
|a Slovenská národná knižnica
|
| 954 |
|
|
|a odborná, vedecká literatúra pôvodná (slovenská)
|2 lita
|
| 958 |
|
|
|a article9
|
| 958 |
|
|
|a OND
|
| 958 |
|
|
|a RC
|
| 958 |
|
|
|a CZ
|
| 958 |
|
|
|a KL
|
| 958 |
|
|
|a EUIPO
|
| 999 |
|
|
|c 2914321
|d 2916251
|